STN EN 13166/AC (72 7205) Tepelnoizolačné výrobky pre budovy : priemyselne vyrábané výrobky z fenolovej peny (PF) : špecifikácia : oprava AC
Uložené v:
| Médium: | Kniha |
|---|---|
| Jazyk: | Slovak |
| Vydané: |
Bratislava :
Slovenský ústav technickej normalizácie,
2006
|
| Fyzický popis: |
8 s. |
| Tagy: |
Pridať tag
Žiadne tagy, Buďte prvý kto otaguje tento záznam!
|
Titul je dostupný aj v ... 

MARC
| LEADER | 00000nam a2200000 a 4500 | ||
|---|---|---|---|
| 001 | 000332021 | ||
| 005 | 20060922092648.0 | ||
| 008 | 060922s2006 e sloo | ||
| 040 | |a KE001 |b slo | ||
| 084 | |a 91.100.60 | ||
| 245 | 0 | 0 | |a STN EN 13166/AC (72 7205) Tepelnoizolačné výrobky pre budovy : |b priemyselne vyrábané výrobky z fenolovej peny (PF) : špecifikácia : oprava AC |
| 260 | |a Bratislava : |b Slovenský ústav technickej normalizácie, |c 2006 | ||
| 300 | |a 8 s. | ||
| 500 | |a cen. sk. 8 | ||
| 850 | |a KE001 | ||
| 998 | |a NO | ||
| 920 | |a september 2006 | ||
| 090 | |g SCKHL |k Normy Pribinova 1 |a STN EN 13166/AC |j 1362 |i I5789 |s Normy-prez. | ||